000 01699cam a2200205 4500500
005 20260201060811.0
041 _afre
042 _adc
100 1 0 _aBui, Thi Minh Anh
_eauthor
700 1 0 _aLe, Thanh Ha
_eauthor
700 1 0 _aPham, Thi Minh Chau
_eauthor
700 1 0 _aNgo, Hoang Quynh Anh
_eauthor
700 1 0 _aNguyen, Hong Hanh
_eauthor
245 0 0 _aFront Matter
260 _c2025.
500 _a89
520 _aInnovation activities often have high costs, require highly skilled personnel and a favorable macroeconomic environment. Among these factors, financial development and economic freedom play an important role in creating favorable conditions for mobilizing capital for businesses’ innovation activities. To clarify these effects, our research uses the logistic model to determine the non-linear effects of economic freedom and financial development on firm innovation. These effects are complex and non-linear: in early stages, financial development may inhibit innovation due to inefficiencies, but advanced development reverses this trend. Similarly, the benefits of economic freedom diminish at higher levels, suggesting an optimal range of policies and financial infrastructure for maximizing innovation. To stimulate innovation, it is essential to develop and optimize the financial market and economic freedom. Thus, policymakers should foster a robust and fair financial market and implement specific incentive mechanisms tailored to support innovative enterprises.
786 0 _nPolitique étrangère | Hiver | 4 | 2025-11-28 | p. 1-5 | 0032-342X
856 4 1 _uhttps://shs.cairn.info/journal-politique-etrangere-2025-4-page-1?lang=en&redirect-ssocas=7080
999 _c1639634
_d1639634